Loading...
| Science - Chemistry | 0 | 7 | 2 | 0 | 60 | 47 | 71.86 | 0 | 1 | 0.00 | 0.00 |
| Literature - World | 0 | 6 | 0 | 0 | 60 | 27 | 69.33 | 1 | 2 | 0.00 | 0.00 |
| Science - Biology | 0 | 6 | 1 | 1 | 55 | 32 | 68.83 | 1 | 1 | 0.00 | 0.00 |
| Science - Other | 0 | 5 | 0 | 1 | 50 | 58 | 81.80 | 0 | 0 | 0.00 | 0.00 |
| Religion | 0 | 5 | 0 | 0 | 50 | 34 | 73.40 | 1 | 3 | 0.00 | 0.00 |
| Mythology | 0 | 4 | 1 | 0 | 35 | 58 | 82.25 | 0 | 0 | 0.00 | 0.00 |
| Literature - British | 0 | 3 | 0 | 0 | 30 | 69 | 85.67 | 0 | 1 | 0.00 | 0.00 |
| Fine Arts - Classical Music | 0 | 3 | 0 | 1 | 30 | 79 | 95.33 | 0 | 1 | 0.00 | 0.00 |
| Science - Physics | 0 | 3 | 0 | 0 | 30 | 63 | 85.00 | 0 | 1 | 0.00 | 0.00 |
| Fine Arts - Other | 0 | 3 | 1 | 1 | 25 | 72 | 94.33 | 0 | 1 | 0.00 | 0.00 |
| Social Science | 0 | 2 | 0 | 0 | 20 | 74 | 88.50 | 0 | 0 | 0.00 | 0.00 |
| Geography | 0 | 2 | 0 | 2 | 20 | 105 | 107.00 | 0 | 0 | 0.00 | 0.00 |
| History - American | 0 | 2 | 0 | 0 | 20 | 48 | 55.00 | 0 | 2 | 0.00 | 0.00 |
| Painting/Sculpture | 0 | 3 | 2 | 0 | 20 | 40 | 80.33 | 0 | 1 | 0.00 | 0.00 |
| Philosophy | 0 | 2 | 0 | 0 | 20 | 70 | 83.00 | 0 | 0 | 0.00 | 0.00 |
| Current Events | 0 | 2 | 0 | 1 | 20 | 50 | 79.50 | 0 | 1 | 0.00 | 0.00 |
| Literature - American | 0 | 1 | 0 | 0 | 10 | 50 | 50.00 | 0 | 0 | 0.00 | 0.00 |
| History - World | 0 | 1 | 0 | 0 | 10 | 49 | 49.00 | 1 | 1 | 0.00 | 0.00 |
| History - Other | 0 | 1 | 0 | 0 | 10 | 84 | 84.00 | 0 | 1 | 0.00 | 0.00 |
| History - European | 0 | 1 | 0 | 0 | 10 | 58 | 58.00 | 0 | 0 | 0.00 | 0.00 |
| Literature - European | 0 | 1 | 1 | 1 | 5 | 108 | 108.00 | 0 | 0 | 0.00 | 0.00 |
| Pop Culture | 0 | 1 | 1 | 0 | 5 | 38 | 38.00 | 0 | 0 | 0.00 | 0.00 |